000 00493nam a2200169Ia 4500
999 _c35521
_d35521
003 OSt
005 20201214113416.0
008 190216s9999||||xx |||||||||||||| ||und||
040 _coclc
082 _a530.11
_bRES/I
100 _aResnick, Robert
_94461
245 0 _aIntroduction To Special Relativity /
_cRobert Resnick
260 _bWiley Eastern Ltd,
_c1985.
_aNew Delhi:
300 _a223p
650 _aPhysics
942 _cREF
_2ddc
_h530.11
_iRES/I
_k530.11
_mRES/I